Mort de la famille : roman
Αποθηκεύτηκε σε:
| Κύριος συγγραφέας: | |
|---|---|
| Άλλοι συγγραφείς: | |
| Μορφή: | Βιβλίο |
| Γλώσσα: | French English |
| Δημοσίευση: |
Paris :
Seuil,
1972.
|
| Σειρά: | Points. Essais ;
63 |
| Θέματα: | |
| Ετικέτες: |
Προσθήκη ετικέτας
Δεν υπάρχουν, Καταχωρήστε ετικέτα πρώτοι!
|
MARC
| LEADER | 00000cam a2200000 i 4500 | ||
|---|---|---|---|
| 001 | 1/80747 | ||
| 008 | 980213s1972 fr | ||| |||| ||fre|| | ||
| 020 | |a 2020006383 | ||
| 035 | |a 1997 |b 3 |c Αγορά/Αναγνωστοπούλου |l 10033522 | ||
| 040 | |a GR-MyUA |b gre |e AACR2 | ||
| 041 | 1 | |a fre |h eng | |
| 082 | 7 | |a 301.423 |2 (22) | |
| 100 | 1 | |a Cooper, D. G. |q (David Graham), |d 1931-1986. | |
| 245 | 1 | 0 | |a Mort de la famille : |b roman / |c David Cooper ; traduit par anglais par Ferial Drosso-Bellivier. |
| 260 | |a Paris : |b Seuil, |c 1972. | ||
| 300 | |a 156 σ. ; |c 21 εκ. | ||
| 490 | 1 | |a (Points. Essais ; |v 63) | |
| 650 | 0 | 0 | |a Family. |
| 700 | 1 | |a Drosso, Ferial, |e trl | |
| 765 | 0 | 8 | |i Μετάφραση του: |t The death of the family |
| 830 | 0 | |a Points. |p Essais ; |v 63 | |
| 852 | |a INST |b RHODES |e 19980213 |h 301.423 COO |p 005400011123 |q 005400011123 |t BK |y 0 | ||
| 901 | |a BIBL-1998-1 | ||
| 909 | |a Ρ |b 052382 | ||
| 970 | |z 13/02/1998 | ||